000
00298nam a22001337a 4500
008
170818b xxu||||| |||| 00| 0 eng d
020
_a
9780321305992
041
_a
eng
080
_2
10TH
_a
51
100
_a
37
101
_a
MAT
245
_a
INTRODUCTORY ALGEBRA
_c
BITTINGER,M.L
942
_2
udc
_c
BK
999
_c
24074
_d
24074